Tractatus reatuum iuxta forensium ac pragmaticorum usum, in gratiam iurisprudentiae candidatorum / opera Godofredi a Bavo IC. clarissimi, necnon et multis annis in supremo Sabaudiae senatu patroni sereniss. atque invictiss. Caroli Emmanuelis Sabaudiae ducis, & Subalpinor. principis, nunc verò ex praesidibus eiusdem senatus. Adiectae sunt consuetudines Ducatus Augustae convenientes huic materiae reatuum, summariis quaestionum, necnon indice locupletissimo appositis

Detalles Bibliográficos
Autor principal: Bavo, Godofredus a
Formato: Libro
Lenguaje:Latin
Publicado: Camberii : s.n., 1607.
Materias:
Colección:Banco de datos
Acervo:Universidad Autónoma Benito Juárez de Oaxaca. Biblioteca Francisco de Burgoa. Colección antigua
Descripción Física:445 p., [24] h. ; 4°
Tema general:Derecho civil
Notas:Portada tipográfica con escudo y pleca en grabado xilográfico. Texto a renglón seguido con paginación en números arábigos, reclamos y signaturas. Incluye cabeceras de título con motivos florales, fantásticos y arabescos en grabado xilográfico. Incluye capitulares con motivos florales en grabado xilográfico. Encuadernación en pergamino sobre cartón. Marca de fuego: Casa del Noviciado de la Compañía de Jesús de Oaxaca, Oax. Marca de fuego: Convento de Santo Domingo. Ex libris manuscrito en la portada: "Nicolas del Puerto". Daños por humedad y polilla
LEADER 01657nam a22001810004500
035 |a 3169 
041 0 |a lat 
100 1 |a Bavo, Godofredus a 
245 1 0 |a Tractatus reatuum iuxta forensium ac pragmaticorum usum, in gratiam iurisprudentiae candidatorum / opera Godofredi a Bavo IC. clarissimi, necnon et multis annis in supremo Sabaudiae senatu patroni sereniss. atque invictiss. Caroli Emmanuelis Sabaudiae ducis, & Subalpinor. principis, nunc verò ex praesidibus eiusdem senatus. Adiectae sunt consuetudines Ducatus Augustae convenientes huic materiae reatuum, summariis quaestionum, necnon indice locupletissimo appositis 
260 |a Camberii : s.n., 1607. 
300 |a 445 p., [24] h. ; 4° 
500 |a Portada tipográfica con escudo y pleca en grabado xilográfico. Texto a renglón seguido con paginación en números arábigos, reclamos y signaturas. Incluye cabeceras de título con motivos florales, fantásticos y arabescos en grabado xilográfico. Incluye capitulares con motivos florales en grabado xilográfico. Encuadernación en pergamino sobre cartón. Marca de fuego: Casa del Noviciado de la Compañía de Jesús de Oaxaca, Oax. Marca de fuego: Convento de Santo Domingo. Ex libris manuscrito en la portada: "Nicolas del Puerto". Daños por humedad y polilla 
504 |a Al final de la obra está el índice de cosas y palabras notables 
650 1 0 |a Derecho civil 
852 |a Universidad Autónoma "Benito Juárez" de Oaxaca, Biblioteca Francisco de Burgoa, Colección antigua 9027 
942 |c BURANT 
943 |g Universidad Autónoma Benito Juárez de Oaxaca. Biblioteca Francisco de Burgoa. Colección antigua 
999 |c 1114180  |d 1114180